Clash royale legendary cards - Statistics

General Stats
  • This quiz has been taken 31 times
  • The average score is 14 of 27
Answer Stats
Hint Answer % Correct
Troop Mega knight
88%
Spell The log
82%
Troop Lumberjack
76%
Troop Electro wizard
65%
Evo Evo mega knight
59%
Troop Ice wizard
59%
Troop Magic archer
59%
Tower troop Dagger duchess
53%
Spell Graveyard
53%
Troop Miner
53%
Troop Ram rider
53%
Tower troop Royal chef
53%
Troop Inferno dragon
47%
Troop Night witch
47%
Troop Phoenix
47%
Troop Princess
47%
Troop Royal ghost
47%
Evo Evo lumberjack
41%
Troop Goblin machine
41%
Troop Mother witch
41%
Troop Spirit empress
41%
Troop Bandit
35%
Evo Evo inferno dragon
35%
Troop Fisherman
35%
Troop Sparky
35%
Evo Evo royal ghost
29%
Troop Lava hound
29%
No matching quizzes found
Score Distribution
Percent of People with Each Score
Percentile by Number Answered
Your Score History
You have not taken this quiz